| 000 | nam a22 7a 4500 | ||
|---|---|---|---|
| 999 |
_c126426 _d126426 |
||
| 008 | 170412b xxu||||| |||| 00| 0 eng d | ||
| 050 | _aB1618.C73 C4 | ||
| 100 |
_aCollingwood, Robin George _928001 |
||
| 245 |
_aCan then new idealism dispense with mysticism? _cRobin George Collingwood |
||
| 260 |
_aMiami _bHard Press |
||
| 300 |
_a32p. ; _c23cm. |
||
| 440 |
_aHardpress Classics series _925726 |
||
| 650 |
_aIdealism _929887 |
||
| 942 |
_2lcc _cMONOGRAPH |
||